LEADER 00924nam a2200205 i 4500 001 000000177448 003 CaOOAMICUS 005 20090204000000.0 008 090204s1933 it u000 u fre u 013 $a154982 040 $aSeMil$bita 100 1 $aBornecque, Henri.$0(OLS)http://semarc/name/65293 245 10$aPrécis de prosodie et métrique grecque et latine :$ba l'usage des candidats a la licence et a l'agrégation /$cpar Henri Bornecque. 250 $aNouvelle edition, revue, corrigée et augmentée. 260 $aParis :$bBoccard,$c1933. 300 $aXXI, 160 p. ;$c19 cm. 850 $aSeMil 852 $aSeMil$W1$xVenegono$y1$m1Z II 189$j128259$B128259$CSeMilBibl$Z2$F139105 $81 996 $6245$aPrécis de prosodie et métrique grecque et latine :$ba l'usage des candidats a la licence et a l'agrégation$9(OLS)http://semarc/title/254851 996 $6260$aParis :$bBoccard$9(OLS)http://semarc/publisher/31835 LEADER 01269nam a2200265 i 4500 001 000000195415 003 CaOOAMICUS 005 20161111000000.0 008 161111s1999 it u000 u ita u 013 $a174088 040 $aSeMil$bita 245 12$aL'Impegno nella Cooperazione :$bsedici protagonisti si raccontano /$cA cura di Alessia Ghedini ; Consulenza Scientifica di Duccio Demetrio. 260 $aPavia :$bEdizioni CdG,$cstampa 1999. 300 $a335 p. :$bill. ;$c24 cm. 490 0 $aTestimoni del 2000 650 4$aCooperazione - Italia - Storia - Saggi.$0(OLS)http://semarc/subject/36711 650 4$aCooperative - Italia - Storia - Saggi.$0(OLS)http://semarc/subject/36712 700 1 $aDemetrio, Duccio,$d<1945- >.$0(OLS)http://semarc/name/12525 700 1 $aGhedini, Alessia.$0(OLS)http://semarc/name/70930 830 0$aTestimoni del 2000.$0(OLS)http://semarc/title/10859 850 $aSeMil 852 $aSeMil$W1$xVenegono$y1$m3M IV 254$j145984$B145984$CSeMilBibl$Z2$F214507 $81 961 $aOmaggio: Grampa dott. Cesare 996 $6245$aL'Impegno nella Cooperazione :$bsedici protagonisti si raccontano$9(OLS)http://semarc/title/281939 996 $6260$aPavia :$bEdizioni CdG$9(OLS)http://semarc/publisher/32225